000 01156cam a2200301 a 4500
001 1198786
005 20150716143047.0
008 980610s1999 nyu b 001 0 eng
010 _a 98028135
020 _a0195126904 (alk. paper)
035 _a(DLC) 98028135
040 _aDLC
_cDLC
_dDLC
050 0 0 _aBD438.5
_b.C35 1999
082 0 0 _a126
_221
100 1 _aCarr, David,
_d1940-
_917965
245 1 4 _aThe paradox of subjectivity :
_bthe self in the transcendental tradition /
_cDavid Carr.
260 _aNew York :
_bOxford University Press,
_c1999.
300 _axii, 150 p. ;
_c24 cm.
504 _aIncludes bibliographical references (p. 141-146) and index.
600 1 0 _aKant, Immanuel,
_d1724-1804.
_918231
600 1 0 _aHusserl, Edmund,
_d1859-1938.
_9717
650 0 _aSelf (Philosophy)
_917967
650 0 _aTranscendentalism.
_91173
856 4 2 _3Publisher description
_uhttp://www.loc.gov/catdir/enhancements/fy0603/98028135-d.html
906 _a7
_bcbc
_corignew
_d1
_eocip
_f19
_gy-gencatlg
942 _2lcc
_cMONOGRAPH
999 _c122948
_d122948